| 000 | 00530nam a22001817a 4500 | ||
|---|---|---|---|
| 999 |
_c6492 _d6492 |
||
| 003 | OSt | ||
| 005 | 20230207150419.0 | ||
| 008 | 200128b ||||| |||| 00| 0 eng d | ||
| 020 | _a9781841871189 | ||
| 040 | _c040a | ||
| 082 | _a370 EDU 2008 | ||
| 245 |
_aEducation in Emergencies: _ba toolkit for starting and managing a programme |
||
| 260 |
_aLondon; _bSave the children, _c2008 |
||
| 300 |
_a180p; _bill : _c12 cm. |
||
| 504 | _aIncludes bibliographical references | ||
| 650 |
_aChild education _911546 |
||
| 942 |
_2ddc _cO_SHELF |
||